000 00631nam a2200217Ia 4500
008 200601s9999 xx 000 0 und d
020 _a978-621-420-187-7
050 _aFIL PR 9550.9
050 _b.J63 2017
100 _aJoaquin, Nick.
245 0 _aCave and shadows /
245 0 _cNick Joaquin; introfuction by Vicente Garcia Groyon.
260 _aMandaluyong City :
260 _bAnvil Publishing,
260 _c2017
300 _a276 pages :
300 _c19 cm.
650 _aDetective and mystery series, Philippine (English).
650 _aShort stories, Philippine (English).
650 _xCrime -- Fiction.
999 _c363186
_d363186